[Event "Sharjah Blitz op"]
[Site "Sharjah"]
[Date "2021.05.01"]
[Round "1.8"]
[White "Nouman, Amna"]
[Black "Kanter, Eduard"]
[Result "0-1"]
[WhiteElo "1880"]
[BlackElo "2384"]
[PlyCount "25"]
[EventDate "2021.05.01"]
[EventType "swiss (blitz)"]
[EventRounds "9"]
[EventCountry "UAE"]
[SourceTitle "CBM 202 Extra"]
[Source "ChessBase"]
[SourceDate "2021.07.31"]
[SourceVersion "1"]
[SourceVersionDate "2021.07.31"]
[SourceQuality "1"]

1. e4 c5 2. Nf3 d6 3. d4 cxd4 4. Nxd4 Nf6 5. f3 e5 6. Nb3 Be7 7. c4 a5 8. Be3 a4 9. Nc1 Be6 10. Be2 Nbd7 11. 0-0 Qc7 12. Nd2 0-0 13. Nd3 0-1

[Event "Arab-chT (Women)"]
[Site "Hammamet"]
[Date "2019.03.04"]
[Round "3.1"]
[White "Nouman, Amna"]
[Black "Miladi, Amen"]
[Result "1-0"]
[WhiteElo "1912"]
[BlackElo "1674"]
[PlyCount "38"]
[EventDate "2019.03.03"]
[EventType "team-tourn"]
[EventRounds "6"]
[EventCountry "TUN"]
[SourceTitle "CBM 190 Extra"]
[Source "ChessBase"]
[SourceDate "2019.07.15"]
[SourceVersion "1"]
[SourceVersionDate "2019.07.15"]
[SourceQuality "1"]
[WhiteTeam "UAE (W)"]
[BlackTeam "Tunisia (W)"]
[WhiteTeamCountry "UAE"]
[BlackTeamCountry "TUN"]

1. e4 c5 2. Nf3 e6 3. g3 d5 4. exd5 exd5 5. d4 Bg4 6. Bg2 Nc6 7. c3 Nf6 8. dxc5 Bxc5 9. 0-0 0-0 10. Nbd2 Ne4 11. h3 Bxf3 12. Qxf3 Ne5 13. Qf5 Nxg3 14. Qxe5 Nxf1 15. Nxf1 Qb6 16. Be3 Bxe3 17. Nxe3 Qxb2 18. Rd1 Qxa2 19. Bf3 Qb2 1-0

[Event "UAE President Cup (Women)"]
[Site "Ajman"]
[Date "2019.01.05"]
[Round "5"]
[White "Nouman, Amna"]
[Black "Al Hammadi, Fatima Hussein"]
[Result "1-0"]
[WhiteElo "1913"]
[BlackElo "1519"]
[PlyCount "93"]
[EventDate "2019.01.02"]
[EventType "swiss"]
[EventRounds "9"]
[EventCountry "UAE"]
[SourceTitle "CBM 188 Extra"]
[Source "ChessBase"]
[SourceDate "2019.02.26"]
[SourceVersion "1"]
[SourceVersionDate "2019.02.26"]
[SourceQuality "1"]

1. e4 g6 2. d4 Bg7 3. c4 c6 4. Nc3 d6 5. Be3 Nf6 6. f3 d5 7. e5 Ng8 8. Qb3 e6 9. a4 Ne7 10. Bf2 Nd7 11. a5 Rb8 12. Qc2 c5 13. f4 cxd4 14. Bxd4 Nc6 15. Bf2 dxc4 16. Bxc4 0-0 17. Nf3 Nxa5 18. Be2 b6 19. 0-0 Bb7 20. Nb5 Rc8 21. Qd1 a6 22. Nd6 Rb8 23. Nxb7 Nxb7 24. Rxa6 Ndc5 25. Ra7 Qxd1 26. Rxd1 Rfd8 27. Rxd8+ Nxd8 28. h3 Bf8 29. Bh4 b5 30. Rc7 b4 31. Bf2 Nb3 32. Nd4 Nxd4 33. Bxd4 Ra8 34. Bf3 Rb8 35. Ba7 Rb5 36. Rc8 Be7 37. Kh2 Kg7 38. Rc7 Bf8 39. Bf2 Ra5 40. Bh4 g5 41. Bxg5 Ra2 42. Bxd8 Rxb2 43. Bf6+ Kg8 44. Rc8 b3 45. Be7 Rc2 46. Rxf8+ Kg7 47. Rb8 1-0

[Event "UAE President Cup (Women)"]
[Site "Ajman"]
[Date "2019.01.04"]
[Round "3"]
[White "Al Maamari, Wafia Darwish"]
[Black "Nouman, Amna"]
[Result "1-0"]
[WhiteElo "1829"]
[BlackElo "1913"]
[PlyCount "83"]
[EventDate "2019.01.02"]
[EventType "swiss"]
[EventRounds "9"]
[EventCountry "UAE"]
[SourceTitle "CBM 188 Extra"]
[Source "ChessBase"]
[SourceDate "2019.02.26"]
[SourceVersion "1"]
[SourceVersionDate "2019.02.26"]
[SourceQuality "1"]

1. e4 e5 2. Nf3 Nc6 3. Bc4 Bc5 4. c3 Nf6 5. d4 exd4 6. e5 d5 7. Be2 Ne4 8. cxd4 Bb6 9. 0-0 0-0 10. Nc3 f6 11. Na4 Re8 12. Nxb6 axb6 13. exf6 Qxf6 14. Be3 Be6 15. Bb5 Rad8 16. Ne5 Bd7 17. Bxc6 Bxc6 18. Qh5 Rf8 19. f3 Be8 20. Qh3 Ng5 21. Qg3 Ne6 22. f4 c5 23. Ng4 Qg6 24. f5 Rxf5 25. Rxf5 cxd4 26. Bd2 Bb5 27. Nh6+ gxh6 28. Qxg6+ hxg6 29. Rf6 Ng5 30. Rxg6+ Kh7 31. Bxg5 hxg5 32. Rxb6 Ba6 33. b4 Bc4 34. Rxb7+ Kg6 35. Rd1 d3 36. a4 Rf8 37. Rd2 Re8 38. Kf2 Rf8+ 39. Ke3 Re8+ 40. Kd4 Re2 41. Rxe2 dxe2 42. Re7 1-0

[Event "Olympiad Women-43"]
[Site "Batumi"]
[Date "2018.10.05"]
[Round "11.1"]
[White "Ortez, Andrea"]
[Black "Nouman, Amna"]
[Result "1-0"]
[WhiteElo "1772"]
[BlackElo "1909"]
[PlyCount "76"]
[EventDate "2018.09.24"]
[EventType "team-swiss"]
[EventRounds "11"]
[EventCountry "GEO"]
[SourceTitle "EXT 2020"]
[Source "ChessBase"]
[SourceDate "2019.10.17"]
[SourceVersion "1"]
[SourceVersionDate "2019.10.17"]
[SourceQuality "1"]
[WhiteTeam "El Salvador (W)"]
[BlackTeam "United Arab Emirates (W)"]
[WhiteTeamCountry "ESA"]
[BlackTeamCountry "UAE"]

1. e4 e5 2. Nf3 Nc6 3. Bc4 Bc5 4. c3 Nf6 5. d3 d6 6. b4 Bb6 7. a4 a6 8. Bg5 h6 9. Bh4 Be6 10. Bb3 g5 11. Bg3 Bxb3 12. Qxb3 Qd7 13. a5 Ba7 14. Nbd2 0-0 15. Nc4 Kg7 16. Ne3 Bxe3 17. fxe3 Nh5 18. Bf2 f5 19. Nd2 Rf7 20. 0-0 f4 21. exf4 Nxf4 22. Qc4 Qg4 23. Bg3 Raf8 24. Bxf4 gxf4 25. Nf3 Kh7 26. b5 Rg7 27. Rf2 axb5 28. Qxb5 Nd8 29. d4 exd4 30. cxd4 Kh8 31. e5 Rfg8 32. exd6 cxd6 33. Qb2 h5 34. a6 bxa6 35. Rxa6 Nf7 36. d5 h4 37. Ra7 Ne5 38. Nxe5 Qd1+ 1-0

[Event "Olympiad Women-43"]
[Site "Batumi"]
[Date "2018.09.28"]
[Round "5.30"]
[White "Mencos Castillo, Maria E"]
[Black "Nouman, Amna"]
[Result "1/2-1/2"]
[WhiteElo "1888"]
[BlackElo "1909"]
[PlyCount "114"]
[EventDate "2018.09.24"]
[EventType "team-swiss"]
[EventRounds "11"]
[EventCountry "GEO"]
[SourceTitle "EXT 2020"]
[Source "ChessBase"]
[SourceDate "2019.10.17"]
[SourceVersion "1"]
[SourceVersionDate "2019.10.17"]
[SourceQuality "1"]
[WhiteTeam "Guatemala (W)"]
[BlackTeam "United Arab Emirates (W)"]
[WhiteTeamCountry "GUA"]
[BlackTeamCountry "UAE"]

1. e4 e5 2. Nf3 Nc6 3. Bc4 Bc5 4. c3 Nf6 5. d3 d6 6. Nbd2 a6 7. Bb3 Ba7 8. 0-0 0-0 9. Re1 Be6 10. Nf1 h6 11. Ng3 Re8 12. d4 Bxb3 13. axb3 exd4 14. cxd4 Qd7 15. Bf4 Rad8 16. Qd2 Nh7 17. Nf5 d5 18. Bxh6 Rxe4 19. Nxg7 Nxd4 20. Nh5 Qg4 21. Ng3 Nxf3+ 22. gxf3 Rxe1+ 23. Rxe1 Qxf3 24. Re5 Qf6 25. Rf5 Qg6 26. Qf4 Bb6 27. Bg5 Re8 28. Rxd5 Re1+ 29. Kg2 Qc6 30. Qf3 Re8 31. Bd2 Qe6 32. Rf5 Bd4 33. Qg4+ Bg7 34. Bc3 Qg6 35. Qa4 b5 36. Qf4 Qc6+ 37. Qf3 Qxf3+ 38. Rxf3 c5 39. Rf5 Rc8 40. Ne4 Bf8 41. Nf6+ Nxf6 42. Rxf6 b4 43. Bd2 Bg7 44. Rxa6 Bxb2 45. Be3 c4 46. Rb6 Bc3 47. bxc4 Rxc4 48. Rb5 Kg7 49. Bc5 Kg6 50. Be7 f6 51. Kg3 Re4 52. Bd6 Rd4 53. Be7 Re4 54. Bd6 Rd4 55. Be7 Rd3+ 56. Kg2 Rd4 57. Kg3 Re4 1/2-1/2

[Event "Sharjah op rapid"]
[Site "Sharjah"]
[Date "2018.05.26"]
[Round "7"]
[White "Nouman, Amna"]
[Black "Komarov, Dimitri"]
[Result "0-1"]
[WhiteElo "1924"]
[BlackElo "2505"]
[PlyCount "90"]
[EventDate "2018.05.23"]
[EventType "swiss (rapid)"]
[EventRounds "9"]
[EventCountry "UAE"]
[SourceTitle "CBM 184 Extra"]
[Source "ChessBase"]
[SourceDate "2018.06.28"]
[SourceVersion "1"]
[SourceVersionDate "2018.06.28"]
[SourceQuality "1"]

1. e4 c5 2. c3 Nf6 3. e5 Nd5 4. d4 cxd4 5. cxd4 d6 6. Nf3 Nc6 7. Be2 dxe5 8. dxe5 Bg4 9. 0-0 e6 10. Re1 Bc5 11. Nc3 Nxc3 12. Qxd8+ Rxd8 13. bxc3 0-0 14. h3 Bh5 15. Bf4 h6 16. g4 Bg6 17. Rad1 Ne7 18. Rxd8 Rxd8 19. Rd1 Rxd1+ 20. Bxd1 Nd5 21. Bd2 Nb6 22. Bc1 Bd3 23. Nd4 Nd5 24. Bd2 Ba3 25. Be2 Bb1 26. Bc4 Nb6 27. Bb3 a5 28. Nb5 Bc5 29. a4 Nd7 30. Bf4 g5 31. Bg3 Bb6 32. Kg2 Nc5 33. Bd1 Ne4 34. f3 Nxg3 35. Kxg3 Be3 36. Nd6 Bf4+ 37. Kf2 Bxe5 38. Nxb7 Bxc3 39. Bb3 Bd3 40. Nd6 Bd4+ 41. Ke1 Bc5 42. Ne4 Bb4+ 43. Kf2 Kf8 44. Ng3 Bc5+ 45. Ke1 Ke7 0-1

[Event "Olympiad Women-42"]
[Site "Baku"]
[Date "2016.09.05"]
[Round "4.33"]
[White "Olde, Margareth"]
[Black "Nouman, Amna"]
[Result "0-1"]
[WhiteElo "2003"]
[BlackElo "1983"]
[PlyCount "134"]
[EventDate "2016.09.02"]
[EventType "team-swiss"]
[EventRounds "11"]
[EventCountry "AZE"]
[SourceTitle "CBM 174 Extra"]
[Source "ChessBase"]
[SourceDate "2016.10.10"]
[SourceVersion "1"]
[SourceVersionDate "2016.10.10"]
[SourceQuality "1"]
[WhiteTeam "Estonia (W)"]
[BlackTeam "United Arab Emirates (W)"]
[WhiteTeamCountry "EST"]
[BlackTeamCountry "UAE"]

1. c4 c5 2. Nc3 Nc6 3. g3 g6 4. Bg2 Bg7 5. Nf3 d6 6. 0-0 e5 7. d3 Nge7 8. Rb1 0-0 9. a3 a5 10. Bd2 Be6 11. Ng5 Bg4 12. h3 Bc8 13. Nb5 f5 14. Nf3 h6 15. Ne1 Be6 16. Nc2 b6 17. b4 axb4 18. axb4 g5 19. bxc5 bxc5 20. Ne3 Rb8 21. Nd5 Bf7 22. Nxe7+ Nxe7 23. Qa4 d5 24. Be3 d4 25. Bd2 Be8 26. Ba5 Qd7 27. Qa3 Bh5 28. Rb2 Rfc8 29. Ra1 Bg6 30. Be1 e4 31. Qb3 Nc6 32. Qc2 Qe7 33. Rba2 Kh7 34. Na7 Nxa7 35. Rxa7 Rb7 36. Rxb7 Qxb7 37. Rb1 Qe7 38. Ba5 Re8 39. Bb6 Bf8 40. Kh2 Qe5 41. Ra1 Bd6 42. Qd2 e3 43. Qe1 f4 44. f3 fxg3+ 45. Kg1 Bf5 46. Qf1 Rf8 47. Ra5 Rb8 48. Rb5 Bd7 49. Rb1 Rf8 50. Ra1 Kh8 51. Ra7 Be6 52. Qa1 Bxh3 53. Bxh3 g2 54. Bxg2 Qh2+ 55. Kf1 Qh4 56. Qe1 Bg3 57. Qa1 Bb8 58. Kg1 Qf2+ 59. Kh1 Qh4+ 60. Kg1 Bh2+ 61. Kh1 Bg3+ 62. Kg1 Bf2+ 63. Kf1 Qh2 64. Qxd4+ cxd4 65. Bxd4+ Rf6 66. Bxf6+ Kg8 67. Rg7+ Kf8 0-1

[Event "Olympiad Women-42"]
[Site "Baku"]
[Date "2016.09.02"]
[Round "1.31"]
[White "Nouman, Amna"]
[Black "Houska, Jovanka"]
[Result "0-1"]
[WhiteElo "1983"]
[BlackElo "2386"]
[PlyCount "56"]
[EventDate "2016.09.02"]
[EventType "team-swiss"]
[EventRounds "11"]
[EventCountry "AZE"]
[SourceTitle "CBM 174 Extra"]
[Source "ChessBase"]
[SourceDate "2016.10.10"]
[SourceVersion "1"]
[SourceVersionDate "2016.10.10"]
[SourceQuality "1"]
[WhiteTeam "United Arab Emirates (W)"]
[BlackTeam "England (W)"]
[WhiteTeamCountry "UAE"]
[BlackTeamCountry "ENG"]

1. e4 c6 2. Nf3 d5 3. Nc3 a6 4. a4 Bg4 5. h3 Bh5 6. d3 e6 7. Be2 Nd7 8. 0-0 Bd6 9. Re1 Ne7 10. exd5 cxd5 11. Ng5 Bg6 12. Bg4 0-0 13. Qe2 e5 14. h4 Nf6 15. Bf3 h6 16. Nh3 Rc8 17. g3 Qd7 18. Kg2 Nf5 19. Qd1 Nd4 20. Bd2 Nxf3 21. Qxf3 Bh5 22. g4 Bxg4 23. Qg3 e4 24. Nf4 Nh5 25. Qh2 Bf3+ 26. Kf1 Nxf4 27. Bxf4 Bxf4 28. Qxf4 Qh3+ 0-1

[Event "Sharjah op rapid"]
[Site "Sharjah"]
[Date "2016.06.12"]
[Round "2"]
[White "Nouman, Amna"]
[Black "Adly, Ahmed"]
[Result "0-1"]
[WhiteElo "1934"]
[BlackElo "2607"]
[PlyCount "22"]
[EventDate "2016.06.12"]
[EventType "swiss (rapid)"]
[EventRounds "9"]
[EventCountry "UAE"]
[SourceTitle "CBM 173 Extra"]
[Source "ChessBase"]
[SourceDate "2016.08.29"]
[SourceVersion "1"]
[SourceVersionDate "2016.08.29"]
[SourceQuality "1"]

1. e4 b6 2. Nc3 Bb7 3. d4 e6 4. Bd3 Nf6 5. Nge2 c5 6. 0-0 Nc6 7. dxc5 Bxc5 8. a3 Ng4 9. h3 h5 10. Nf4 Qh4 11. Qe1 Qg3 0-1

[Event "Sharjah op rapid"]
[Site "Sharjah"]
[Date "2016.06.12"]
[Round "7"]
[White "Papin, Vasily"]
[Black "Nouman, Amna"]
[Result "1-0"]
[WhiteElo "2466"]
[BlackElo "1934"]
[PlyCount "54"]
[EventDate "2016.06.12"]
[EventType "swiss (rapid)"]
[EventRounds "9"]
[EventCountry "UAE"]
[SourceTitle "CBM 173 Extra"]
[Source "ChessBase"]
[SourceDate "2016.08.29"]
[SourceVersion "1"]
[SourceVersionDate "2016.08.29"]
[SourceQuality "1"]

1. c4 c5 2. g3 g6 3. Bg2 Bg7 4. Nc3 d6 5. b3 e5 6. Bb2 Ne7 7. d3 Nbc6 8. Qd2 Be6 9. Nd5 a5 10. a3 0-0 11. e3 Rb8 12. Bc3 b6 13. Ne2 f5 14. 0-0 Bf7 15. f4 Nxd5 16. cxd5 Ne7 17. e4 h6 18. Rab1 Qd7 19. Qb2 Qc7 20. Rfc1 fxe4 21. dxe4 Be8 22. Rd1 Nc8 23. Qd2 Qe7 24. Kh1 Bb5 25. Ng1 Bd7 26. Rf1 Bb5 27. Rf2 Na7 1-0

[Event "Asian Continental op (Women) 14th"]
[Site "Al Ain"]
[Date "2015.08.10"]
[Round "9"]
[White "Hakimifard, Ghazal"]
[Black "Nouman, Amna"]
[Result "1-0"]
[WhiteElo "2219"]
[BlackElo "1935"]
[PlyCount "61"]
[EventDate "2015.08.02"]
[EventType "swiss"]
[EventRounds "9"]
[EventCountry "UAE"]
[SourceTitle "CBM 167 Extra"]
[Source "ChessBase"]
[SourceDate "2015.09.14"]
[SourceVersion "1"]
[SourceVersionDate "2015.09.14"]
[SourceQuality "1"]

1. e4 e5 2. Nf3 Nc6 3. Bb5 Nge7 4. Nc3 a6 5. Ba4 g6 6. d4 exd4 7. Nd5 Bg7 8. Bg5 b5 9. Bb3 h6 10. Bf6 Bxf6 11. Nxf6+ Kf8 12. Nxd4 Nf5 13. Nxc6 Qxf6 14. exf5 dxc6 15. fxg6 fxg6 16. 0-0 Kg7 17. Qd2 a5 18. a4 b4 19. Rad1 Rf8 20. Rfe1 g5 21. Qe3 Kh8 22. Qc5 Bf5 23. Re7 Rad8 24. Rde1 Rd2 25. Re8 Rd8 26. Rxd8 Rxd8 27. Qxa5 Qe7 28. Kf1 Qf6 29. Qxc7 Rf8 30. Qe5 Kg7 31. a5 1-0

[Event "Asian Continental op (Women) 14th"]
[Site "Al Ain"]
[Date "2015.08.04"]
[Round "3"]
[White "Nouman, Amna"]
[Black "Aseel, Odeh"]
[Result "1-0"]
[WhiteElo "1935"]
[BlackElo "1588"]
[PlyCount "75"]
[EventDate "2015.08.02"]
[EventType "swiss"]
[EventRounds "9"]
[EventCountry "UAE"]
[SourceTitle "CBM 167 Extra"]
[Source "ChessBase"]
[SourceDate "2015.09.14"]
[SourceVersion "1"]
[SourceVersionDate "2015.09.14"]
[SourceQuality "1"]

1. e4 e5 2. Nf3 Nc6 3. Bb5 g6 4. c3 Bg7 5. d4 exd4 6. cxd4 Nge7 7. 0-0 0-0 8. Nc3 d6 9. h3 a6 10. Ba4 b5 11. Bb3 Kh8 12. Ng5 Kg8 13. Be3 h6 14. Nf3 Kh7 15. d5 Ne5 16. Nxe5 Bxe5 17. f4 Bg7 18. Bd4 f5 19. Bxg7 Kxg7 20. e5 dxe5 21. fxe5 Bb7 22. a3 c5 23. d6 Nc6 24. Re1 Nd4 25. Bd5 Bxd5 26. Nxd5 f4 27. Re4 f3 28. Ne7 f2+ 29. Kf1 Nf5 30. Nxf5+ Rxf5 31. e6 Rf6 32. Qd5 Rf5 33. Qb7+ Kh8 34. e7 Qg8 35. Qxa8 Qxa8 36. e8Q+ Qxe8 37. Rxe8+ Kg7 38. d7 1-0

[Event "Asian Continental op (Women) 14th"]
[Site "Al Ain"]
[Date "2015.08.03"]
[Round "2"]
[White "Le, Kieu Thien Kim"]
[Black "Nouman, Amna"]
[Result "1-0"]
[WhiteElo "2226"]
[BlackElo "1935"]
[PlyCount "97"]
[EventDate "2015.08.02"]
[EventType "swiss"]
[EventRounds "9"]
[EventCountry "UAE"]
[SourceTitle "CBM 167 Extra"]
[Source "ChessBase"]
[SourceDate "2015.09.14"]
[SourceVersion "1"]
[SourceVersionDate "2015.09.14"]
[SourceQuality "1"]

1. d4 Nf6 2. Bf4 e6 3. e3 b6 4. Nd2 Bb7 5. h3 d6 6. Ngf3 Nbd7 7. a4 a6 8. c3 h6 9. Be2 Qe7 10. Bh2 g5 11. a5 b5 12. c4 bxc4 13. Bxc4 Bg7 14. Rc1 0-0 15. 0-0 c5 16. Bd3 cxd4 17. Nxd4 Ne5 18. Bb1 Rac8 19. f4 Rxc1 20. Qxc1 Rc8 21. Qe1 gxf4 22. exf4 Nc4 23. Nf5 Qf8 24. Nxc4 Rxc4 25. Ne3 Rc7 26. f5 e5 27. Bg3 Nh5 28. f6 Bxf6 29. Rf5 Nxg3 30. Rxf6 Qg7 31. Rxd6 Qg5 32. Rd2 h5 33. Qxg3 Qxg3 34. Rd8+ Kg7 35. Nf5+ Kf6 36. Nxg3 Rc1+ 37. Kf2 Rxb1 38. Rd6+ Kg5 39. Rb6 Bd5 40. Nf1 f6 41. g3 Bc4 42. h4+ Kg6 43. Nd2 Rc1 44. Rc6 Rc2 45. Ke3 Bd3 46. Rb6 Bb5 47. Ne4 Rc6 48. Nd6 Rc2 49. Nxb5 1-0

[Event "Arab-ch U18 Girls"]
[Site "Amman"]
[Date "2014.08.23"]
[Round "3.1"]
[White "Nouman, Amna"]
[Black "Abdelmenaem, Sohayla"]
[Result "1-0"]
[WhiteElo "1869"]
[BlackElo "1782"]
[PlyCount "39"]
[EventDate "2014.08.22"]
[EventType "swiss"]
[EventRounds "9"]
[EventCountry "JOR"]
[SourceTitle "EXT 2024"]
[Source "ChessBase"]
[SourceDate "2023.10.10"]
[SourceVersion "1"]
[SourceVersionDate "2023.10.10"]
[SourceQuality "1"]

1. e4 d5 2. exd5 Qxd5 3. Nc3 Qa5 4. d4 c6 5. Nf3 Nf6 6. Bc4 Bf5 7. Ne5 e6 8. Bd2 Qc7 9. Qe2 Be7 10. Bf4 Qb6 11. 0-0-0 Nd5 12. Bd2 Qxd4 13. Bxd5 exd5 14. Rhe1 Qc5 15. g4 Bd7 16. Bf4 Be6 17. Nxf7 Bxg4 18. Qxg4 Kxf7 19. Qe6+ Kf8 20. Qc8+ 1-0

[Event "Olympiad Women-41"]
[Site "Tromsoe"]
[Date "2014.08.02"]
[Round "1.2"]
[White "Nouman, Amna"]
[Black "Bayarmaa, Bayarjargal"]
[Result "0-1"]
[WhiteElo "1869"]
[BlackElo "2109"]
[PlyCount "68"]
[EventDate "2014.08.02"]
[EventType "team-swiss"]
[EventRounds "11"]
[EventCountry "NOR"]
[SourceTitle "CBM 162"]
[Source "ChessBase"]
[SourceDate "2014.09.17"]
[SourceVersion "1"]
[SourceVersionDate "2014.09.17"]
[SourceQuality "1"]
[WhiteTeam "United Arab Emirates (W)"]
[BlackTeam "Mongolia (W)"]
[WhiteTeamCountry "UAE"]
[BlackTeamCountry "MGL"]

1. e4 c5 2. Nf3 d6 3. d4 cxd4 4. Nxd4 Nf6 5. Nc3 a6 6. Bg5 Nbd7 7. f4 Qc7 8. g4 b5 9. Bxf6 Nxf6 10. g5 b4 11. Ncb5 axb5 12. gxf6 Bd7 13. Bxb5 Bxb5 14. Nxb5 Qc5 15. Qd3 gxf6 16. a4 Bh6 17. Rf1 Rg8 18. b3 Rg2 19. 0-0-0 Rc8 20. Rd2 Rg1 21. Rdd1 Rg4 22. Kb1 Bxf4 23. h3 Rg3 24. Qe2 Be5 25. Rd5 Qe3 26. Qxe3 Rxe3 27. a5 Kd7 28. a6 e6 29. Rd2 Rc6 30. Nxd6 Bxd6 31. a7 Ra6 32. Rxf6 Ke7 33. Rxf7+ Kxf7 34. Rxd6 Rxa7 0-1

[Event "Wch U18 Girls"]
[Site "Al Ain"]
[Date "2013.12.22"]
[Round "6"]
[White "Guo, Emma"]
[Black "Nouman, Amna"]
[Result "0-1"]
[WhiteElo "2011"]
[BlackElo "1833"]
[PlyCount "120"]
[EventDate "2013.12.18"]
[EventType "swiss"]
[EventRounds "11"]
[EventCountry "UAE"]
[SourceTitle "CBM 158 Extra"]
[Source "ChessBase"]
[SourceDate "2014.02.28"]
[SourceVersion "1"]
[SourceVersionDate "2014.02.28"]
[SourceQuality "1"]

1. d4 Nf6 2. Nf3 c5 3. d5 d6 4. c4 b5 5. cxb5 a6 6. bxa6 Bxa6 7. Nc3 g6 8. e4 Bxf1 9. Kxf1 Bg7 10. g3 Nbd7 11. Kg2 0-0 12. Re1 Ra6 13. h3 Nb6 14. Qd3 Qa8 15. a3 Rb8 16. Rb1 Nfd7 17. Bd2 c4 18. Qc2 Nc5 19. Be3 Nd3 20. Red1 Bxc3 21. bxc3 Nd7 22. Nd2 Rc8 23. Nxc4 Nxf2 24. Rd4 Ra4 25. Rb4 Rxb4 26. axb4 Nd1 27. Bd2 Qa1 28. Qb3 Ra8 29. Na5 Ne5 30. Qc2 Nb2 31. Bc1 Na4 32. Bd2 Nb2 33. Nb3 Qa2 34. Nc1 Qa3 35. Ne2 Qa1 36. Qc1 Qa2 37. b5 Rb8 38. Rb4 Ned3 39. Qc2 Nxb4 40. cxb4 Qc4 41. Qxc4 Nxc4 42. Bc3 Ne3+ 43. Kf3 Nc2 44. Nd4 Nxd4+ 45. Bxd4 Rxb5 46. Bc3 e6 47. dxe6 fxe6 48. Ke3 Kf7 49. Kd4 Ke7 50. Kc4 Rb8 51. b5 Kd7 52. Ba5 Kc8 53. Bb4 Kd7 54. Ba5 Rc8+ 55. Kb4 Rc1 56. Bb6 Re1 57. Ka5 Rxe4 58. Ka6 Kc8 59. Ba7 Ra4+ 60. Kb6 d5 0-1

[Event "Wch U18 Girls"]
[Site "Al Ain"]
[Date "2013.12.21"]
[Round "4"]
[White "Yousfi, Yasmine"]
[Black "Nouman, Amna"]
[Result "0-1"]
[WhiteElo "1649"]
[BlackElo "1833"]
[PlyCount "68"]
[EventDate "2013.12.18"]
[EventType "swiss"]
[EventRounds "11"]
[EventCountry "UAE"]
[SourceTitle "CBM 158 Extra"]
[Source "ChessBase"]
[SourceDate "2014.02.28"]
[SourceVersion "1"]
[SourceVersionDate "2014.02.28"]
[SourceQuality "1"]

1. c4 c5 2. Nf3 Nc6 3. g3 g6 4. Bg2 Bg7 5. 0-0 d6 6. Nc3 e5 7. d3 Nge7 8. a3 0-0 9. Rb1 a5 10. Ne1 Be6 11. Nc2 d5 12. b3 Rb8 13. Bg5 f6 14. Bd2 h6 15. cxd5 Nxd5 16. Ne3 Nxc3 17. Bxc3 Nd4 18. b4 axb4 19. axb4 b6 20. bxc5 bxc5 21. Qd2 Rf7 22. Nc4 Ra7 23. e3 Nb5 24. Ba5 Qe8 25. Bb6 Ra6 26. Bxc5 Qd8 27. Bb4 f5 28. Na5 Bd5 29. Bxd5+ Qxd5 30. Rfc1 Rd8 31. Rc5 Qd7 32. Qa2+ Kh7 33. Qc4 Rb6 34. Rd5 Qxd5 0-1

[Event "Incheon op (Women) 4th"]
[Site "Incheon"]
[Date "2013.07.03"]
[Round "6"]
[White "Nouman, Amna"]
[Black "Jalloul, Maya M"]
[Result "1/2-1/2"]
[WhiteElo "1811"]
[BlackElo "1946"]
[PlyCount "47"]
[EventDate "2013.06.30"]
[EventType "swiss"]
[EventRounds "7"]
[EventCountry "KOR"]
[SourceTitle "CBM 155 Extra"]
[Source "ChessBase"]
[SourceDate "2013.08.26"]
[SourceVersion "1"]
[SourceVersionDate "2013.08.26"]
[SourceQuality "1"]

1. e4 c5 2. Nf3 d6 3. d4 cxd4 4. Nxd4 Nf6 5. Nc3 a6 6. Bc4 e6 7. Bb3 Be7 8. 0-0 b5 9. Be3 Bb7 10. f4 Nbd7 11. h3 b4 12. Na4 Bxe4 13. c3 bxc3 14. Nxc3 Bb7 15. Bxe6 Nc5 16. Bb3 Nxb3 17. Qxb3 Qd7 18. Qc2 0-0 19. Nf5 Rfc8 20. Nxe7+ Qxe7 21. Qd3 Re8 22. Bd4 Nd7 23. Qg3 f6 24. Rfe1 1/2-1/2

[Event "Incheon op (Women) 4th"]
[Site "Incheon"]
[Date "2013.07.02"]
[Round "4"]
[White "Lkhamsuren, Uuganbayar"]
[Black "Nouman, Amna"]
[Result "1/2-1/2"]
[WhiteElo "2104"]
[BlackElo "1811"]
[PlyCount "101"]
[EventDate "2013.06.30"]
[EventType "swiss"]
[EventRounds "7"]
[EventCountry "KOR"]
[SourceTitle "CBM 155 Extra"]
[Source "ChessBase"]
[SourceDate "2013.08.26"]
[SourceVersion "1"]
[SourceVersionDate "2013.08.26"]
[SourceQuality "1"]

1. e4 e5 2. Nf3 Nc6 3. Bb5 a6 4. Ba4 Nf6 5. 0-0 b5 6. Bb3 Be7 7. Re1 d6 8. c3 0-0 9. h3 Rb8 10. d4 exd4 11. cxd4 d5 12. exd5 Nxd5 13. Nc3 Nxc3 14. bxc3 Bf5 15. a4 b4 16. Bb2 Na5 17. c4 Bf6 18. Ne5 Re8 19. f4 Bxe5 20. fxe5 Qg5 21. Qf3 Qg6 22. Re3 Rbd8 23. Rc1 f6 24. Bd1 fxe5 25. d5 c6 26. Bxe5 cxd5 27. cxd5 Qb6 28. Kh2 Rd7 29. Re2 Bg6 30. Bb3 Nxb3 31. Qxb3 Bf7 32. Rb1 Bxd5 33. Qg3 Qg6 34. Reb2 Qxg3+ 35. Bxg3 a5 36. Rc1 b3 37. Rc5 Ra8 38. Be5 Bf7 39. Bc3 Rdd8 40. Bxa5 Rd4 41. Bc3 Rdxa4 42. Rf2 Ra2 43. Rcf5 Rxf2 44. Rxf2 Rc8 45. Bd4 Rc2 46. Rxc2 bxc2 47. Be3 Bd5 48. Kg1 Kf7 49. Kf2 h6 50. g3 Ke6 51. Ke2 1/2-1/2

[Event "Incheon op (Women) 4th"]
[Site "Incheon"]
[Date "2013.06.30"]
[Round "1"]
[White "Hejazipour, Mitra"]
[Black "Nouman, Amna"]
[Result "1-0"]
[WhiteElo "2250"]
[BlackElo "1811"]
[PlyCount "69"]
[EventDate "2013.06.30"]
[EventType "swiss"]
[EventRounds "7"]
[EventCountry "KOR"]
[SourceTitle "CBM 155 Extra"]
[Source "ChessBase"]
[SourceDate "2013.08.26"]
[SourceVersion "1"]
[SourceVersionDate "2013.08.26"]
[SourceQuality "1"]

1. d4 d5 2. Nf3 Nf6 3. c4 e6 4. Nc3 Be7 5. Bf4 0-0 6. e3 b6 7. Bd3 Bb7 8. cxd5 Nxd5 9. Nxd5 Qxd5 10. 0-0 c5 11. e4 Qh5 12. Be2 Bxe4 13. Ng5 Qg6 14. Nxe4 Qxe4 15. Bf3 Qxf4 16. Bxa8 cxd4 17. Qa4 a5 18. Qb5 Bc5 19. a3 Qd6 20. Rab1 d3 21. b4 axb4 22. axb4 Bd4 23. Rb3 Rd8 24. Be4 d2 25. Bf3 g6 26. Rd1 Bf6 27. g3 Qc7 28. Rd3 Rxd3 29. Qxd3 Bc3 30. Rb1 Nd7 31. Bd1 Nf6 32. Bf3 Nd7 33. Qc2 Qe5 34. Kg2 Qd6 35. Qxc3 1-0